Testo completo della citazione di Massimo nel Gladiatore (Ridley Scot) - Statistics

Statistiche generali
  • Questo quiz è stato fatto 72 volte
  • Il punteggio medio è 34 su 43
Statistiche sulle risposte
Testo % Corretto
Mi
98%
Massimo
96%
chiamo
93%
e
93%
Meridio,
93%
Decimo
91%
del
89%
di
89%
di
89%
o
89%
un
87%
una
87%
la
85%
figlio
84%
marito
84%
moglie
84%
padre
84%
questa
84%
comandante
82%
in
82%
mia
82%
uccisa,...
82%
avrò
80%
nell'
80%
vendetta,
80%
vita
80%
altra.
78%
dell'
76%
dell'
76%
Aurelio,
75%
Marco
75%
nord,
75%
imperatore
73%
assassinato,
71%
esercito
71%
unico
69%
legioni
67%
vero
67%
servo
62%
delle
55%
Felix,
55%
generale
51%
leale
42%
Nessun quiz corrispondente trovato
Distribuzione punteggi
Percentuale di utenti per punteggio
Percentile per numero di risposta
I tuoi punteggi nel tempo
Non hai fatto questo quiz